[Event "DEM U12/U12w 2003"]
[Site "Willingen GER"]
[Date "2003.06.13"]
[Round "10"]
[White "Friedt, Edmund"]
[Black "Smolkina, Milana"]
[Result "1/2-1/2"]
[Termination "normal"]
[Board "29"]
[WhiteElo "1306"]
[BlackElo "1623"]
[PlyCount "109"]
[WhiteFideId "24629545"]
[BlackFideId "24618780"]
[EventCountry "GER"]
[EventRounds "11"]
[EventType "swiss"]
[EventDate "2003.06.07"]

1. e4 c5 2. Nf3 a6 3. d4 cxd4 4. Nxd4 Nf6 5. Nc3 e5 6. Nf3 Bb4 7. Bd2 d6 8. Bd3
O-O 9. h3 Nbd7 10. a3 Bxc3 11. Bxc3 Nc5 12. Qe2 b5 13. Bb4 Qc7 14. O-O Bb7 15.
Bxc5 dxc5 16. c3 Rfe8 17. Rfe1 Rad8 18. Nd2 Rd7 19. Rad1 Red8 20. Bc2 Bc6 21.
g4 Qb7 22. f3 Rd6 23. Nf1 Qb6 24. Rxd6 Rxd6 25. Ng3 g6 26. Rd1 Qd8 27. Rxd6
Qxd6 28. Qd3 Qxd3 29. Bxd3 c4 30. Bc2 Bd7 31. Kf2 Be6 32. Ne2 Nd7 33. Ke3 Nc5
34. Nc1 Kg7 35. h4 Kf6 36. Ne2 Ke7 37. Ng3 Kd6 38. h5 Kc6 39. hxg6 hxg6 40. Kd2
Kb6 41. Ne2 Nb3+ 42. Bxb3 cxb3 43. Nc1 a5 44. Nd3 f6 45. Nf2 g5 46. Nd1 Kc5 47.
Ne3 b4 48. cxb4+ axb4 49. axb4+ Kxb4 50. Nd5+ Bxd5 51. exd5 Kc5 52. Kc3 Kxd5
53. Kxb3 e4 54. fxe4+ Kxe4 55. Kc3 1/2-1/2

[Event "DEM U12/U12w 2003"]
[Site "Willingen GER"]
[Date "2003.06.13"]
[Round "10"]
[White "Stelter, Frederik"]
[Black "Medlin, Paul"]
[Result "1/2-1/2"]
[Termination "normal"]
[Board "30"]
[WhiteElo "1157"]
[BlackElo "1611"]
[PlyCount "61"]
[EventCountry "GER"]
[EventRounds "11"]
[EventType "swiss"]
[EventDate "2003.06.07"]

1. c4 e5 2. Nc3 Nf6 3. g3 d6 4. Bg2 Be7 5. d3 Nc6 6. Nf3 O-O 7. O-O h6 8. Rb1
Be6 9. b4 a6 10. a4 Qd7 11. b5 axb5 12. axb5 Nd8 13. Bb2 Bh3 14. Ra1 Rxa1 15.
Qxa1 Bxg2 16. Kxg2 Ne6 17. Nd2 Qc8 18. Nce4 Nxe4 19. Nxe4 f5 20. Nc3 f4 21. Nd5
Qd7 22. Qa7 Nd8 23. f3 h5 24. Rg1 Kh7 25. Kf1 g5 26. g4 hxg4 27. Rxg4 Rh8 28.
Qf2 c6 29. bxc6 bxc6 30. Nxe7 Qxe7 31. h4 1/2-1/2

[Event "DEM U12/U12w 2003"]
[Site "Willingen GER"]
[Date "2003.06.13"]
[Round "10"]
[White "Kickert, Germaine-Helene"]
[Black "Döring, Julia"]
[Result "1-0"]
[Termination "normal"]
[Board "31"]
[WhiteElo "1374"]
[BlackElo "1257"]
[PlyCount "93"]
[WhiteFideId "24614890"]
[EventCountry "GER"]
[EventRounds "11"]
[EventType "swiss"]
[EventDate "2003.06.07"]

1. e4 c5 2. c3 e6 3. d4 d5 4. e5 Qb6 5. Nf3 Bd7 6. Be2 Bb5 7. O-O Nc6 8. Bxb5
Qxb5 9. Na3 Qb6 10. Qa4 Nge7 11. Qb5 Nc8 12. Be3 Be7 13. dxc5 Qc7 14. Bd4 O-O
15. Nc2 a6 16. Qe2 Bd8 17. Rfe1 N8e7 18. Rad1 Ng6 19. Qe3 Be7 20. b4 Rac8 21.
Ng5 Qd8 22. Nf3 Re8 23. Rd3 Bf8 24. Qg5 Nce7 25. Nh4 Nxh4 26. Qxh4 Nf5 27. Qxd8
Rexd8 28. Ne3 Nxd4 29. cxd4 Rc6 30. Ng4 Rb8 31. Ree3 b6 32. Rb3 Be7 33. Kf1 h6
34. Rg3 Bg5 35. Ke2 Bf4 36. Rgf3 Bg5 37. b5 axb5 38. Rxb5 Kh7 39. Rxf7 Ra8 40.
Rxb6 Rxa2+ 41. Kd3 Ra3+ 42. Kc2 Ra2+ 43. Kb3 Ra6 44. Rbb7 Kg8 45. Rxg7+ Kf8 46.
Rh7 Ra1 47. Rh8# 1-0

[Event "DEM U12/U12w 2003"]
[Site "Willingen GER"]
[Date "2003.06.13"]
[Round "10"]
[White "Göpel, Martin"]
[Black "Völsgen, Georg"]
[Result "1/2-1/2"]
[Termination "normal"]
[Board "32"]
[WhiteElo "1476"]
[BlackElo "1159"]
[PlyCount "41"]
[BlackFideId "24635901"]
[EventCountry "GER"]
[EventRounds "11"]
[EventType "swiss"]
[EventDate "2003.06.07"]

1. e4 e5 2. Nf3 Nc6 3. Bc4 Bc5 4. c3 Nf6 5. d4 exd4 6. cxd4 Bb4+ 7. Bd2 Bxd2+
8. Nbxd2 d5 9. exd5 Nxd5 10. O-O O-O 11. Ne5 Na5 12. Bb5 a6 13. Be2 Nf4 14.
Nef3 Nxe2+ 15. Qxe2 Re8 16. Qd1 Nc6 17. Re1 Rxe1+ 18. Qxe1 Bg4 19. Qe4 Qd7 20.
d5 Bxf3 21. Nxf3 1/2-1/2

[Event "DEM U12/U12w 2003"]
[Site "Willingen GER"]
[Date "2003.06.13"]
[Round "10"]
[White "Billing, Tanja"]
[Black "Miclea, Sebastian"]
[Result "0-1"]
[Termination "normal"]
[Board "33"]
[WhiteElo "1226"]
[BlackElo "1532"]
[PlyCount "74"]
[WhiteFideId "24647993"]
[EventCountry "GER"]
[EventRounds "11"]
[EventType "swiss"]
[EventDate "2003.06.07"]

1. c4 Nf6 2. Nc3 g6 3. d4 d5 4. e3 Bg7 5. Nf3 O-O 6. b3 c5 7. Rb1 Bf5 8. Bd3
Bxd3 9. Qxd3 Nc6 10. dxc5 Nb4 11. Qe2 dxc4 12. bxc4 Nd3+ 13. Kf1 Ng4 14. Nd4
Ndxf2 15. Rg1 Bxd4 16. exd4 Qxd4 17. Nb5 Nxh2+ 18. Ke1 Nd3+ 19. Kd2 Qxg1 20.
Kxd3 Qxc5 21. g4 a6 22. Na3 Qd6+ 23. Kc2 f5 24. Rxb7 Nxg4 25. Rxe7 Qh2 26. Qxh2
Nxh2 27. Bf4 Ng4 28. Re6 Rfe8 29. Rd6 Re2+ 30. Kb3 Rf2 31. Bg5 Rf3+ 32. Ka4 Ne5
33. Rf6 Nf7 34. Bd2 Rd3 35. Be1 Rd6 36. Rxd6 Nxd6 37. c5 Ne4 0-1

[Event "DEM U12/U12w 2003"]
[Site "Willingen GER"]
[Date "2003.06.13"]
[Round "10"]
[White "Zikeli, Julia"]
[Black "Frey, Alisa"]
[Result "0-1"]
[Termination "normal"]
[Board "34"]
[WhiteElo "1420"]
[BlackElo "1138"]
[PlyCount "116"]
[WhiteFideId "24622753"]
[BlackFideId "24634662"]
[EventCountry "GER"]
[EventRounds "11"]
[EventType "swiss"]
[EventDate "2003.06.07"]

1. e4 e5 2. Nf3 Nc6 3. Bc4 Bc5 4. c3 Nf6 5. d4 exd4 6. cxd4 Bb4+ 7. Nc3 Nxe4 8.
O-O Nxc3 9. bxc3 Bxc3 10. Bxf7+ Kxf7 11. Qb3+ d5 12. Qxc3 Re8 13. Ng5+ Kg8 14.
Qf3 Rf8 15. Qh5 Bf5 16. Re1 Nxd4 17. Re5 Bg6 18. Qh3 h6 19. Ne6 Nxe6 20. Qxe6+
Bf7 21. Qg4 Qf6 22. Bb2 Bh5 23. Qe6+ Qxe6 24. Rxe6 Rae8 25. Rae1 Rxe6 26. Rxe6
Re8 27. Rxe8+ Bxe8 28. f3 g6 29. Kf2 Kf7 30. Ke3 Ke6 31. Kd4 Bc6 32. Kc5 Kf5
33. Kd4 h5 34. Bc1 Ke6 35. Bb2 Kd6 36. Ba3+ Ke6 37. Bb2 Bb5 38. Kc5 Bf1 39. g3
Bg2 40. f4 Kf5 41. Bd4 Kg4 42. Bg1 Kf3 43. Kd4 Ke2 44. Ke5 Kd3 45. Bxa7 Kc3 46.
Bd4+ Kb4 47. Kf6 Be4 48. h3 Ka3 49. g4 hxg4 50. hxg4 Kxa2 51. f5 gxf5 52. gxf5
Kb3 53. Ke6 Kc4 54. f6 Bg6 55. Ba1 c5 56. f7 Bxf7+ 57. Kxf7 b5 58. Ke6 d4 0-1

[Event "DEM U12/U12w 2003"]
[Site "Willingen GER"]
[Date "2003.06.13"]
[Round "10"]
[White "Mertens, Pauline"]
[Black "Perlick, Maria"]
[Result "0-1"]
[Termination "normal"]
[Board "35"]
[WhiteElo "1353"]
[BlackElo "1397"]
[PlyCount "118"]
[WhiteFideId "24671959"]
[EventCountry "GER"]
[EventRounds "11"]
[EventType "swiss"]
[EventDate "2003.06.07"]

1. e4 c6 2. d4 d5 3. exd5 cxd5 4. Nc3 Bf5 5. Bd3 Bg6 6. Nf3 Nc6 7. Bf4 Nf6 8.
O-O e6 9. Bxg6 hxg6 10. Qe2 Qb6 11. Qb5 Qxb5 12. Nxb5 Rc8 13. Bd6 Kd7 14. Bxf8
Rcxf8 15. Ne5+ Nxe5 16. dxe5 Ng4 17. h3 Nxe5 18. Nxa7 Rh5 19. Nb5 Rfh8 20. f3
Nc6 21. Rfd1 Ke7 22. Nd4 Rg5 23. Nxc6+ bxc6 24. a4 Ra8 25. a5 Re5 26. Kf2 c5
27. a6 d4 28. Rd3 Ra7 29. Rb3 Rd5 30. Rb7+ Rd7 31. Rxd7+ Kxd7 32. Ke2 Kc6 33.
Kd3 Kb5 34. b3 Rxa6 35. Rxa6 Kxa6 36. Kc4 Kb6 37. f4 Kc6 38. g4 f6 39. Kd3 Kd5
40. h4 e5 41. c4+ dxc3 42. fxe5 fxe5 43. Kxc3 e4 44. g5 Ke5 45. Kd2 Kd4 46. Ke2
Kc3 47. Ke3 Kxb3 48. Kxe4 c4 49. Ke5 c3 50. Ke6 c2 51. Kf7 c1=Q 52. Kxg7 Qc6
53. Kh6 Qh1 54. Kxg6 Qxh4 55. Kf5 Qh8 56. Kg6 Qg8+ 57. Kf6 Kc4 58. g6 Kd5 59.
Kf5 Qg7 0-1

[Event "DEM U12/U12w 2003"]
[Site "Willingen GER"]
[Date "2003.06.13"]
[Round "10"]
[White "Gröger, Eric"]
[Black "Park, Johannes"]
[Result "1/2-1/2"]
[Termination "normal"]
[Board "36"]
[WhiteElo "1265"]
[BlackElo "1396"]
[PlyCount "57"]
[EventCountry "GER"]
[EventRounds "11"]
[EventType "swiss"]
[EventDate "2003.06.07"]

1. d4 Nf6 2. c4 g6 3. Nc3 Bg7 4. e4 d6 5. Be2 Nbd7 6. Nf3 O-O 7. O-O c5 8. d5
b6 9. Rb1 Ng4 10. Bd2 Ba6 11. a3 Rc8 12. Qa4 Nb8 13. h3 Ne5 14. Nxe5 Bxe5 15.
Bh6 Bg7 16. Bxg7 Kxg7 17. Rfe1 Qd7 18. Qxd7 Nxd7 19. Nd1 g5 20. Nc3 Rfe8 21. b4
Ne5 22. b5 Bb7 23. a4 h6 24. a5 Ra8 25. Ra1 Ng6 26. axb6 axb6 27. Nd1 Nf4 28.
Bf1 Kf6 29. Ne3 1/2-1/2

[Event "DEM U12/U12w 2003"]
[Site "Willingen GER"]
[Date "2003.06.13"]
[Round "10"]
[White "Wassilian, Diana"]
[Black "Mischke, Daniel"]
[Result "1-0"]
[Termination "normal"]
[Board "37"]
[WhiteElo "1376"]
[BlackElo "1238"]
[PlyCount "55"]
[EventCountry "GER"]
[EventRounds "11"]
[EventType "swiss"]
[EventDate "2003.06.07"]

1. e4 Nf6 2. Nc3 d5 3. e5 d4 4. exf6 dxc3 5. fxg7 cxd2+ 6. Qxd2 Qxd2+ 7. Bxd2
Bxg7 8. O-O-O Bf5 9. Bc4 Nc6 10. Bf4 e5 11. Be3 a6 12. Ne2 O-O 13. f3 Rfd8 14.
g4 Bg6 15. f4 Be4 16. Rhf1 b5 17. Bb3 a5 18. a4 bxa4 19. Bxa4 Rab8 20. f5 Rxd1+
21. Rxd1 Nb4 22. Nc3 Bf3 23. Rf1 Bxg4 24. f6 Bf8 25. Rg1 h5 26. h3 Rb6 27. Bxb6
Bh6+ 28. Kb1 1-0

[Event "DEM U12/U12w 2003"]
[Site "Willingen GER"]
[Date "2003.06.13"]
[Round "10"]
[White "Oltzen, Samuel David"]
[Black "Eckoldt, Katja"]
[Result "1-0"]
[Termination "normal"]
[Board "38"]
[WhiteElo "1367"]
[BlackElo "979"]
[PlyCount "137"]
[EventCountry "GER"]
[EventRounds "11"]
[EventType "swiss"]
[EventDate "2003.06.07"]

1. e4 c5 2. c3 d6 3. d4 cxd4 4. cxd4 e6 5. Nc3 Nf6 6. Nf3 Be7 7. Bd3 O-O 8. O-O
a6 9. Qc2 g6 10. Bd2 Qc7 11. Rac1 b5 12. Qd1 Qd7 13. a3 Bb7 14. Qe2 Nc6 15. h3
Rfd8 16. Rfd1 Rac8 17. b4 Ne8 18. Be3 Bf6 19. Na2 Bg7 20. Bf4 Nxd4 21. Nxd4
Bxd4 22. Rb1 Bg7 23. e5 dxe5 24. Be3 Qc6 25. f3 Qc7 26. Qf2 Qe7 27. Bc5 Qf6 28.
Be3 Bd5 29. Nc1 Bc4 30. Qg3 Bxd3 31. Nxd3 h6 32. Nf2 Rxd1+ 33. Rxd1 Rd8 34. Re1
Nc7 35. Bb6 Qe7 36. Rc1 Rd7 37. Bc5 Qd8 38. Kh2 Nd5 39. Ne4 f5 40. Nf2 f4 41.
Qxg6 Nc7 42. Bb6 Qb8 43. Ng4 Kh8 44. Bxc7 Rxc7 45. Rxc7 Qxc7 46. Qxe6 Qb7 47.
Nxe5 Bxe5 48. Qxe5+ Kh7 49. Qxf4 Qb6 50. Qf7+ Kh8 51. Qf8+ Kh7 52. Qc5 Qb8+ 53.
Kg1 Qa8 54. Qe7+ Kg8 55. Qe6+ Kh7 56. Qe4+ Qxe4 57. fxe4 Kg6 58. Kf2 Kf6 59.
Ke3 Ke5 60. g4 Kf6 61. Kf4 Kg6 62. h4 Kf6 63. g5+ hxg5+ 64. hxg5+ Kg6 65. Ke5
Kxg5 66. Kd6 Kf6 67. e5+ Kf7 68. Kd7 Kf8 69. e6 1-0

[Event "DEM U12/U12w 2003"]
[Site "Willingen GER"]
[Date "2003.06.13"]
[Round "10"]
[White "van Orsouw, Svenja"]
[Black "Göbel, Florian"]
[Result "1/2-1/2"]
[Termination "normal"]
[Board "39"]
[WhiteElo "1311"]
[BlackElo "1180"]
[PlyCount "40"]
[WhiteFideId "24677124"]
[EventCountry "GER"]
[EventRounds "11"]
[EventType "swiss"]
[EventDate "2003.06.07"]

1. e4 c5 2. Nc3 Nc6 3. Nf3 e6 4. d4 cxd4 5. Nxd4 Nf6 6. Be2 a6 7. O-O Be7 8.
Be3 d5 9. Bf3 dxe4 10. Nxe4 Qc7 11. Nxc6 bxc6 12. Ng3 O-O 13. Qe2 Nd5 14. Rfd1
Bb7 15. Rd3 Rac8 16. Rad1 Bf6 17. c3 a5 18. c4 Nxe3 19. Rxe3 Ba6 20. b3 Rfd8
1/2-1/2

[Event "DEM U12/U12w 2003"]
[Site "Willingen GER"]
[Date "2003.06.13"]
[Round "10"]
[White "Wisheckel, Lena"]
[Black "Schultheiß, Vera"]
[Result "1/2-1/2"]
[Termination "normal"]
[Board "43"]
[WhiteElo "1242"]
[BlackElo "1046"]
[PlyCount "139"]
[WhiteFideId "24691992"]
[EventCountry "GER"]
[EventRounds "11"]
[EventType "swiss"]
[EventDate "2003.06.07"]

1. e4 e5 2. Nf3 Nc6 3. Bc4 Bc5 4. d3 Nf6 5. Bg5 d6 6. h3 Nd4 7. Nc3 c6 8. a3 b5
9. Ba2 b4 10. Na4 Qa5 11. Nxc5 Qxc5 12. O-O Qxc2 13. Qxc2 Nxc2 14. Rac1 Nd4 15.
Nxd4 exd4 16. Rxc6 bxa3 17. bxa3 Kd7 18. Rc4 Rb8 19. Rb1 Rxb1+ 20. Bxb1 d5 21.
Rxd4 Bb7 22. Ba2 Kd6 23. Bxf6 gxf6 24. Bxd5 Bxd5 25. Rxd5+ Ke6 26. Kf1 Rb8 27.
Ra5 Rb3 28. Ke2 Rb2+ 29. Ke3 Rb1 30. Rxa7 Re1+ 31. Kf3 Rd1 32. Kf4 Rxd3 33. a4
Rd4 34. a5 Ra4 35. f3 f5 36. Ra6+ Ke7 37. Kxf5 Rb4 38. Rb6 Ra4 39. a6 Ra5+ 40.
Kf4 Kf8 41. g4 Kg7 42. h4 h6 43. h5 Kh7 44. Rf6 Kg7 45. e5 Ra4+ 46. Kf5 Ra5 47.
f4 Ra4 48. g5 hxg5 49. Kxg5 Ra5 50. h6+ Kg8 51. Rd6 Kh7 52. Kg4 Kh8 53. e6 fxe6
54. Rxe6 Kh7 55. f5 Ra1 56. Kf4 Rf1+ 57. Ke5 Re1+ 58. Kd6 Rf1 59. Ke7 Rc1 60.
Ke8 Rc8+ 61. Kf7 Rc7+ 62. Kf8 Rc8+ 63. Re8 Rc6 64. Re7+ Kh8 65. a7 Ra6 66. Kf7
Kh7 67. Ke8+ Kh8 68. f6 Rxf6 69. a8=Q Rf8+ 70. Kxf8 1/2-1/2

[Event "DEM U12/U12w 2003"]
[Site "Willingen GER"]
[Date "2003.06.13"]
[Round "10"]
[White "Hort, Maria"]
[Black "Müller, Anna-Louise"]
[Result "1-0"]
[Termination "normal"]
[Board "45"]
[WhiteElo "966"]
[BlackElo "821"]
[PlyCount "65"]
[BlackFideId "4633512"]
[EventCountry "GER"]
[EventRounds "11"]
[EventType "swiss"]
[EventDate "2003.06.07"]

1. e4 c5 2. Nf3 d6 3. Nc3 Nf6 4. Be2 g6 5. d3 Bg7 6. Bd2 O-O 7. O-O Nc6 8. Re1
d5 9. exd5 Nxd5 10. Qc1 Nf6 11. Bh6 b6 12. Bxg7 Kxg7 13. Qf4 Bb7 14. Qg5 Nb4
15. Rec1 Qd7 16. Ne5 Qe6 17. Bg4 Nxg4 18. Nxg4 Kg8 19. a3 Qc6 20. f3 f6 21. Qh6
Nd5 22. Re1 Nxc3 23. Rxe7 Ne2+ 24. Rxe2 Rae8 25. Rae1 Rxe2 26. Rxe2 Rf7 27. b4
cxb4 28. axb4 Qa4 29. h3 Qa1+ 30. Kh2 Qa4 31. Re6 f5 32. Nf6+ Kh8 33. Re8+ 1-0

[Event "DEM U12/U12w 2003"]
[Site "Willingen GER"]
[Date "2003.06.14"]
[Round "11"]
[White "Fischer, Thomas"]
[Black "Müller, Reinhold"]
[Result "0-1"]
[Termination "normal"]
[Board "1"]
[WhiteElo "1671"]
[BlackElo "2003"]
[PlyCount "32"]
[WhiteFideId "4683277"]
[BlackFideId "24605875"]
[EventCountry "GER"]
[EventRounds "11"]
[EventType "swiss"]
[EventDate "2003.06.07"]

1. e4 d5 2. exd5 Qxd5 3. Nc3 Qe6+ 4. Be2 Qg6 5. Bf3 e5 6. Nge2 Nf6 7. d3 Bc5 8.
O-O O-O 9. Ng3 c6 10. h4 Qxg3 11. Bg5 Ng4 12. Bxg4 Qxg4 13. Qxg4 Bxg4 14. Ne4
Bd4 15. c3 Bb6 16. Nd6 f6 0-1

[Event "DEM U12/U12w 2003"]
[Site "Willingen GER"]
[Date "2003.06.14"]
[Round "11"]
[White "Geske, Julian"]
[Black "Jorczik, Julian"]
[Result "1-0"]
[Termination "time forfeit"]
[Board "2"]
[WhiteElo "1733"]
[BlackElo "1682"]
[PlyCount "79"]
[WhiteFideId "24605263"]
[BlackFideId "24611719"]
[EventCountry "GER"]
[EventRounds "11"]
[EventType "swiss"]
[EventDate "2003.06.07"]

1. e4 c5 2. Nf3 e6 3. Nc3 Nc6 4. Bb5 Nf6 5. e5 Nd5 6. Nxd5 exd5 7. O-O a6 8.
Be2 d6 9. exd6 Bxd6 10. d4 c4 11. Re1 O-O 12. c3 h6 13. Nd2 Bf5 14. Nf1 Qc7 15.
Bf3 Ne7 16. g3 Bd3 17. Ne3 Qc6 18. b3 b5 19. a4 bxa4 20. bxc4 Bxc4 21. Ba3 Bb3
22. Qc1 Rac8 23. c4 Qd7 24. Bxd6 Qxd6 25. Nxd5 Nxd5 26. Bxd5 Qb4 27. Re3 Rfd8
28. Qb1 Qd2 29. Qf5 Rc7 30. Rae1 Rf8 31. Qf4 Rcc8 32. R1e2 Qd1+ 33. Re1 Qd2 34.
R1e2 Qb4 35. Re8 Rcxe8 36. Rxe8 Kh7 37. Qf5+ g6 38. Qc8 Kg7 39. Qd7 a3 40. Re7
1-0

[Event "DEM U12/U12w 2003"]
[Site "Willingen GER"]
[Date "2003.06.14"]
[Round "11"]
[White "Sörös, Martin-Wolfgang"]
[Black "Zehnter, Sebastian"]
[Result "0-1"]
[Termination "normal"]
[Board "3"]
[WhiteElo "1619"]
[BlackElo "1750"]
[PlyCount "114"]
[BlackFideId "24608670"]
[EventCountry "GER"]
[EventRounds "11"]
[EventType "swiss"]
[EventDate "2003.06.07"]

1. e4 d5 2. Nf3 Bg4 3. exd5 Qxd5 4. Be2 Nf6 5. Nc3 Qd8 6. d4 e6 7. a3 c6 8. Bg5
Nbd7 9. Qd2 Bd6 10. O-O-O Qa5 11. Bxf6 Nxf6 12. h3 Bf5 13. g4 Bg6 14. Rhe1 Qc7
15. Ne5 O-O-O 16. Nd3 Rhe8 17. Bf3 e5 18. dxe5 Bxe5 19. Kb1 Qb6 20. g5 Nh5 21.
Qe3 Qxe3 22. Rxe3 Bxc3 23. Rxe8 Rxe8 24. bxc3 Bxd3 25. cxd3 Nf4 26. Bg4+ Kc7
27. Kc2 Ne6 28. Kd2 Nxg5 29. h4 Ne6 30. Re1 g6 31. d4 f5 32. Bh3 Kd6 33. c4 Re7
34. Kc3 Nf4 35. Rxe7 Kxe7 36. Bf1 Kd6 37. Kd2 h6 38. Ke3 Nh5 39. Be2 Nf6 40. f3
Ke6 41. Kf4 b6 42. Bd3 Ne8 43. Be2 Nc7 44. a4 a6 45. Bd3 b5 46. axb5 axb5 47.
Be2 Kd6 48. Ke3 b4 49. Bd1 Ne6 50. Bb3 c5 51. d5 Nd4 52. Ba2 g5 53. hxg5 hxg5
54. Bb1 Ke5 55. Ba2 b3 56. Bb1 Nc2+ 57. Ke2 Na3 0-1

[Event "DEM U12/U12w 2003"]
[Site "Willingen GER"]
[Date "2003.06.14"]
[Round "11"]
[White "Savchenko, Aleksij"]
[Black "Seyb, Alexander"]
[Result "1/2-1/2"]
[Termination "normal"]
[Board "4"]
[WhiteElo "1774"]
[BlackElo "1807"]
[PlyCount "62"]
[WhiteFideId "24611727"]
[BlackFideId "4699033"]
[EventCountry "GER"]
[EventRounds "11"]
[EventType "swiss"]
[EventDate "2003.06.07"]

1. d4 d5 2. Nf3 Nc6 3. e3 Bg4 4. Be2 Nf6 5. O-O e6 6. b3 Be7 7. Bb2 O-O 8. Nbd2
Bxf3 9. Nxf3 Ne4 10. c4 f5 11. Ne5 Nxe5 12. dxe5 c6 13. cxd5 cxd5 14. Rc1 Rc8
15. Rxc8 Qxc8 16. Qc1 Qd7 17. Qc2 Rc8 18. Qd3 a6 19. Rc1 Bb4 20. a3 Ba5 21. b4
Rxc1+ 22. Bxc1 Bc7 23. Bb2 Ng5 24. Bd4 Qc6 25. Qc3 Qxc3 26. Bxc3 Ne4 27. Bd4 b5
28. a4 bxa4 29. Bxa6 a3 30. Bd3 Nd2 31. Bc2 Nc4 1/2-1/2

[Event "DEM U12/U12w 2003"]
[Site "Willingen GER"]
[Date "2003.06.14"]
[Round "11"]
[White "Scharnowski, Tobias"]
[Black "Huschenbeth, Niclas"]
[Result "1-0"]
[Termination "normal"]
[Board "5"]
[WhiteElo "1658"]
[BlackElo "1808"]
[PlyCount "115"]
[WhiteFideId "24620424"]
[BlackFideId "24604747"]
[EventCountry "GER"]
[EventRounds "11"]
[EventType "swiss"]
[EventDate "2003.06.07"]

1. e4 c5 2. Nf3 d6 3. c3 Nf6 4. Be2 Bd7 5. Qc2 Bc6 6. d3 e6 7. Nbd2 Be7 8. O-O
O-O 9. Re1 Nbd7 10. Bf1 Rc8 11. Qd1 Qc7 12. d4 b5 13. a4 a6 14. axb5 axb5 15.
Bd3 Ra8 16. Rxa8 Rxa8 17. Bc2 Nb6 18. e5 dxe5 19. dxe5 Nfd5 20. Ne4 Rd8 21. Qd3
c4 22. Qe2 Nd7 23. Ng3 Nf8 24. Nd4 Ba8 25. Be4 b4 26. Qc2 Bc5 27. Nf3 Qa5 28.
Bd2 Qa7 29. Rf1 bxc3 30. bxc3 Nc7 31. Bxa8 Qxa8 32. Ne4 Bb6 33. Nd6 Qc6 34. Qa2
Ng6 35. Nxc4 Qd5 36. Qa4 Bc5 37. Ne3 Qd7 38. Qc2 Nd5 39. Qe4 Qc7 40. Nxd5 Rxd5
41. c4 Rd8 42. h3 Nxe5 43. Bf4 Nxf3+ 44. Qxf3 Qb6 45. Qg3 Qb4 46. Rc1 Ra8 47.
Be5 Bf8 48. c5 Ra3 49. Qg5 h6 50. Qd8 Qe4 51. c6 Qxe5 52. c7 Rc3 53. Rxc3 Qxc3
54. c8=Q Qe1+ 55. Kh2 Qe5+ 56. g3 Qb2 57. Qxf8+ Kh7 58. Qfc5 1-0

[Event "DEM U12/U12w 2003"]
[Site "Willingen GER"]
[Date "2003.06.14"]
[Round "11"]
[White "Trapp, Maximilian"]
[Black "Jussupow, Ekaterina"]
[Result "1-0"]
[Termination "normal"]
[Board "6"]
[WhiteElo "1506"]
[BlackElo "1709"]
[PlyCount "75"]
[BlackFideId "24625400"]
[EventCountry "GER"]
[EventRounds "11"]
[EventType "swiss"]
[EventDate "2003.06.07"]

1. f4 d5 2. Nf3 g6 3. e3 Bg7 4. d4 Nh6 5. Bd3 c5 6. c3 c4 7. Bc2 Bf5 8. O-O O-O
9. Bxf5 Nxf5 10. Qe2 Nd7 11. e4 dxe4 12. Qxe4 Nd6 13. Qe2 Nf6 14. Ne5 Nd5 15.
Nxc4 Nxc4 16. Qxc4 Rc8 17. Qd3 e6 18. Nd2 a6 19. Nc4 b5 20. Ne3 b4 21. Nxd5
Qxd5 22. Bd2 bxc3 23. bxc3 Rc4 24. Qf3 Rd8 25. Qxd5 exd5 26. f5 Re8 27. fxg6
fxg6 28. Rfe1 Rcc8 29. Rab1 Rb8 30. Rxe8+ Rxe8 31. Kf2 Rf8+ 32. Ke2 Re8+ 33.
Kd3 Rf8 34. Be3 Rf6 35. Rb8+ Kf7 36. Rb7+ Kf8 37. Rd7 Rf5 38. Rd6 1-0

[Event "DEM U12/U12w 2003"]
[Site "Willingen GER"]
[Date "2003.06.14"]
[Round "11"]
[White "Wendling, Hannes"]
[Black "Geilfuss, Albert"]
[Result "1-0"]
[Termination "normal"]
[Board "8"]
[WhiteElo "1652"]
[BlackElo "1640"]
[PlyCount "125"]
[WhiteFideId "24624284"]
[EventCountry "GER"]
[EventRounds "11"]
[EventType "swiss"]
[EventDate "2003.06.07"]

1. c4 Nf6 2. Nc3 e6 3. e4 c5 4. e5 Ng8 5. d4 cxd4 6. Qxd4 Nc6 7. Qe4 d6 8. Nf3
dxe5 9. Nxe5 Nb4 10. a3 Nf6 11. Qe2 Na6 12. Be3 Bd6 13. Rd1 Qe7 14. Nf3 Nc7 15.
g3 b6 16. Bg2 Bb7 17. O-O O-O 18. Rd2 Rad8 19. Rfd1 h6 20. Bd4 Rfe8 21. Bxf6
gxf6 22. Rd3 Rd7 23. Qd2 Red8 24. Qxh6 Ba6 25. Qh4 Ne8 26. Rd4 Ng7 27. Rg4 f5
28. Qxe7 Bxe7 29. Rgd4 Rxd4 30. Rxd4 Rxd4 31. Nxd4 Bxc4 32. Nc6 Bd6 33. Nxa7
Ne8 34. Nc8 Bc7 35. Na4 b5 36. Nab6 Bd3 37. Bc6 Nd6 38. Nxd6 Bxd6 39. Nd7 Kg7
40. b4 f6 41. Nc5 Bc4 42. Kg2 Be5 43. a4 bxa4 44. Nxa4 Kf7 45. Nb6 Bd3 46. Nd7
Bd6 47. b5 Be4+ 48. f3 Bxc6 49. bxc6 Ke7 50. h4 Bc7 51. h5 Kf7 52. h6 Kg6 53.
h7 Kxh7 54. Nxf6+ Kg6 55. Ne8 Ba5 56. c7 Bxc7 57. Nxc7 e5 58. Nd5 Kg5 59. Kf2
e4 60. f4+ Kg4 61. Ne3+ Kh5 62. Nxf5 Kg4 63. Nd6 1-0

[Event "DEM U12/U12w 2003"]
[Site "Willingen GER"]
[Date "2003.06.14"]
[Round "11"]
[White "Nuber, Blasius"]
[Black "Kazhibadze, Georg"]
[Result "1/2-1/2"]
[Termination "normal"]
[Board "9"]
[WhiteElo "1560"]
[BlackElo "1681"]
[PlyCount "135"]
[WhiteFideId "24620289"]
[EventCountry "GER"]
[EventRounds "11"]
[EventType "swiss"]
[EventDate "2003.06.07"]

1. e4 c5 2. c3 Nf6 3. e5 Nd5 4. d4 cxd4 5. cxd4 Nc6 6. Nf3 e6 7. Bc4 d6 8. O-O
Be7 9. Re1 Nb6 10. Bb3 O-O 11. Nc3 dxe5 12. dxe5 Qxd1 13. Rxd1 Bd7 14. Be3 Rfd8
15. Ne4 Be8 16. Bc5 Bxc5 17. Nxc5 Na5 18. Bc2 Bc6 19. Be4 Bxe4 20. Nxe4 Nd5 21.
Rac1 Rac8 22. Nd6 Rxc1 23. Rxc1 f6 24. Rc8 Rxc8 25. Nxc8 Nc6 26. exf6 gxf6 27.
Nd6 b6 28. Nb5 Ndb4 29. a3 Nd3 30. b4 e5 31. Kf1 Kf7 32. g3 Ke6 33. Ke2 Nb2 34.
Nd2 Nd4+ 35. Nxd4+ exd4 36. Ne4 Ke5 37. f3 Nc4 38. a4 Nb2 39. a5 bxa5 40. bxa5
Nc4 41. Kd3 Nxa5 42. f4+ Ke6 43. Kxd4 Nb7 44. g4 Nd6 45. Nc5+ Ke7 46. Kd5 Nb5
47. f5 Nc3+ 48. Kc6 a5 49. h4 a4 50. Nxa4 Nxa4 51. Kd5 Nb6+ 52. Ke4 Nd7 53. g5
Ne5 54. h5 Nf7 55. g6 hxg6 56. fxg6 Nh6 57. Kd5 Kf8 58. Ke6 Kg7 59. Kd6 Ng8 60.
Ke6 Nh6 61. Kd6 Ng4 62. Ke6 Ne5 63. Kf5 Nd7 64. Ke6 Nf8+ 65. Kf5 Nd7 66. Ke6
Nc5+ 67. Kf5 Nd7 68. Ke6 1/2-1/2

[Event "DEM U12/U12w 2003"]
[Site "Willingen GER"]
[Date "2003.06.14"]
[Round "11"]
[White "Kaczmarczyk, Dennis"]
[Black "Strunski, Andreas"]
[Result "0-1"]
[Termination "normal"]
[Board "11"]
[WhiteElo "1715"]
[BlackElo "1619"]
[PlyCount "80"]
[WhiteFideId "24608297"]
[BlackFideId "24606073"]
[EventCountry "GER"]
[EventRounds "11"]
[EventType "swiss"]
[EventDate "2003.06.07"]

1. c4 Nf6 2. Nc3 g6 3. g3 Bg7 4. Bg2 O-O 5. e3 d6 6. d4 c6 7. Nge2 e5 8. O-O
Be6 9. b3 Qc8 10. Bb2 Bh3 11. Qc2 Bxg2 12. Kxg2 Nbd7 13. Rfd1 Qc7 14. Rac1 Rac8
15. Ba3 Rfd8 16. Ne4 Nxe4 17. Qxe4 Nf6 18. Qb1 e4 19. Nc3 Re8 20. Bb2 Qd7 21.
Qc2 Qf5 22. Qe2 a6 23. d5 c5 24. Na4 Nd7 25. Bxg7 Kxg7 26. a3 h5 27. f3 b5 28.
Nc3 exf3+ 29. Qxf3 Qxf3+ 30. Kxf3 bxc4 31. bxc4 Ne5+ 32. Kf4 f6 33. h4 Nxc4 34.
Ne4 g5+ 35. hxg5 fxg5+ 36. Nxg5 Nxa3 37. Ne6+ Kg6 38. Ra1 Nb5 39. Rxa6 Nc3 40.
Rd3 Rf8+ 0-1